Animal cell and tissue culture/ (Record no. 7564)

MARC details
000 -LEADER
fixed length control field 00590 a2200181 4500
010 ## - LCCN (DPL NO)
LC control number ENG-88046
020 ## - INTERNATIONAL STANDARD BOOK NUMBER
International Standard Book Number 8190422928
Terms of availability 700.00
035 ## - SYSTEM CONTROL NUMBER
System control number EN-71579
037 ## - SOURCE OF ACQUISITION
Source of stock number/acquisition DBAD / PUB
082 14 - DEWEY DECIMAL CLASSIFICATION NUMBER
Classification number 591.0724
100 ## - MAIN ENTRY--PERSONAL NAME
Personal name Thakur, D.K.
245 1# - TITLE STATEMENT
Title Animal cell and tissue culture/
Statement of responsibility, etc by D.K.Thakur
260 ## - PUBLICATION, DISTRIBUTION, ETC. (IMPRINT)
Place of publication, distribution, etc Jaipur
Name of publisher, distributor, etc Agarwal Publishing House
Date of publication, distribution, etc 2007
270 ## - ADDRESS
Address 1885, Shukhlal Vyas Ki Gali, Nataniyon Ka Rasta,
City Jaipur
Postal code 302 003
300 ## - PHYSICAL DESCRIPTION
Extent 224p.
Dimensions 24 cm (Hb.)
Other physical details ill.
500 ## - GENERAL NOTE
General note Includes bibliographical references and index
942 ## - ADDED ENTRY ELEMENTS (KOHA)
Institution code [OBSOLETE] dpl
Item type English Books
Source of classification or shelving scheme Dewey Decimal Classification
Classification part 591.0724
Call number suffix THA
Holdings
Withdrawn status Lost status Not for loan Collection code Home library Current library Source of acquisition Cost, normal purchase price Full call number Barcode Copy number Cost, replacement price Koha item type
    Not For Loan Non-fiction D.B.Act.Division D.B.Act.Division DBAD/PUB 700.00 591.0724 THA EN-71579 1 700.00 English Books

© Delhi Public Library
Hit Counter
free hit counter